| 000 | 00971cam a22002894a 4500 | ||
|---|---|---|---|
| 999 |
_c8191 _d8191 |
||
| 003 | OSt | ||
| 005 | 20200811161456.0 | ||
| 008 | 100715s2011 enka b 001 0 eng | ||
| 010 | _a 2010030138 | ||
| 020 | _a9780415415453 (hbk : alk. paper) | ||
| 020 | _a9780415415477 (pbk : alk. paper) | ||
| 041 | 1 |
_aeng _hnor |
|
| 050 | 0 | 0 |
_aNA2750 _b.S2313 2011 |
| 082 | 0 | 0 |
_a721 _222 |
| 100 | 1 |
_aSandaker, Bjørn Normann, _d1954- |
|
| 240 | 1 | 0 |
_aArkitekturens konstruktive grunnlag. _lEnglish |
| 245 | 1 | 4 |
_aThe structural basis of architecture / _cBjørn N. Sandaker, Arne P. Eggen, Mark R. Cruvellier. |
| 250 | _a2nd ed., rev. throughout. | ||
| 260 |
_aLondon ; _aNew York : _bRoutledge, _cc2011. |
||
| 300 |
_axi, 409 p. : _bill. ; _c29 cm. |
||
| 504 | _aIncludes bibliographical references (p. [395]-[403] and index. | ||
| 650 | 0 | _aArchitectural design. | |
| 650 | 0 | _aStructural design. | |
| 700 | 1 | _aEggen, Arne Petter. | |
| 700 | 1 | _aCruvellier, Mark. | |
| 942 | _2ddc | ||